000 00849nam a2200253Ia 4500
003 OSt
005 20221005035359.0
006 a|||||r|||| 00| 0
007 ta
008 221004b |||||||| |||| 00| 0 eng d
020 _a9789351280231 (hbk)
_c865
024 _a21079
037 _b954, 02/02/2015, Bright Book Service
_cTextual
040 _aCRL
_cCRL
_beng
041 _2eng
_aeng
082 _aO111(Y5927):g, Q4
100 _aParmod Kumar
_9374465
245 0 _aLiterature and marginality
_b Comparative perspective in African American Australian and Indian dalit literature
260 _aDelhi
_bKalpaz Publication India
_c2014
300 _a288p.
_ccm.
650 _aENGLISH LITERATURE
942 _hO111(Y5927):g, Q4
_cTEXL
_2cc
999 _c945046
_d945046